000 00556nam a2200193 a 4500
001 1769948270784
003 YourLibrary
005 20260201175204.0
008 260201s1995##################000#0#eng##
020 _a9780820425320
082 0 4 _a330.94802
_bMAA
100 1 _aMaarbjerg, John P.,
_eauthor.
245 1 0 _aScandinavia in the European World-economy, Ca. 1570-1625 :
260 _bPeter Lang Pub Incorporated,
_c1995.
300 _a300 pages
650 0 _aBusiness & Economics.
942 _cENGLISH
040 _aYourLibrary
_beng
_cYourLibrary
999 _c609969
_d609969